[Event "Oberliga Ost-B 0304"]
[Site "Germany"]
[Date "2003.11.02"]
[Round "1.5"]
[White "Becker, Michael"]
[Black "Timpel, Klaus"]
[Result "0-1"]
[WhiteElo "2111"]
[BlackElo "2295"]
[PlyCount "102"]
[EventDate "2003.11.02"]
[EventType "team-tourn"]
[EventRounds "11"]
[EventCountry "GER"]
[SourceTitle "EXT 2005"]
[Source "ChessBase"]
[SourceDate "2004.11.15"]
[SourceVersion "1"]
[SourceVersionDate "2004.11.15"]
[SourceQuality "1"]
[WhiteTeam "Schoeneck II"]
[BlackTeam "Schoeneck"]
[WhiteTeamCountry "GER"]
[BlackTeamCountry "GER"]

1. c4 g6 2. g3 Bg7 3. Bg2 c5 4. Nc3 Nc6 5. a3 b6 6. d3 e6 7. Nb5 Nge7 8. Bf4 e5 9. Nd6+ Kf8 10. Bd2 a5 11. b3 Ba6 12. Rb1 Qb8 13. Nb5 d5 14. Nc3 d4 15. Nd5 Nxd5 16. Bxd5 Bb7 17. Nf3 Ne7 18. Bxb7 Qxb7 19. 0-0 e4 20. dxe4 Qxe4 21. e3 d3 22. Ng5 Qc6 23. Qf3 Qxf3 24. Nxf3 Nf5 25. Rfc1 Nd6 26. Bc3 Ne4 27. Bxg7+ Kxg7 28. Rb2 Rhd8 29. Nd2 f5 30. f3 Nf6 31. Rd1 Ra7 32. Nf1 g5 33. Rf2 Kg6 34. a4 h5 35. Nd2 Re7 36. e4 fxe4 37. Nxe4 Nxe4 38. fxe4 Rxe4 39. Rfd2 Red4 40. Kf2 g4 41. Ke3 Re8+ 42. Kf2 Rf8+ 43. Kg2 Rf3 44. Re1 Kf5 45. Re8 Re4 46. Rf8+ Ke5 47. Rd8 Ree3 48. Rd5+ Ke4 49. Rd1 Re2+ 50. Kg1 Rfe3 51. Rf1 Re1 0-1

[Event "Oberliga Ost-B 0203"]
[Site "Germany"]
[Date "2003.02.08"]
[Round "6.6"]
[White "Schreiber, Kurt"]
[Black "Timpel, Klaus"]
[Result "1/2-1/2"]
[WhiteElo "2148"]
[BlackElo "2287"]
[PlyCount "62"]
[EventDate "2002.10.20"]
[EventType "team"]
[EventRounds "11"]
[EventCountry "GER"]
[SourceTitle "EXT 2004"]
[Source "ChessBase"]
[SourceDate "2003.11.25"]
[SourceVersion "1"]
[SourceVersionDate "2003.11.25"]
[SourceQuality "1"]
[WhiteTeam "Wiesbaden"]
[BlackTeam "Schoeneck"]
[WhiteTeamCountry "GER"]
[BlackTeamCountry "GER"]

1. d4 g6 2. Nf3 Bg7 3. Bf4 Nf6 4. e3 0-0 5. Be2 d6 6. h3 Nfd7 7. 0-0 e5 8. Bh2 Nc6 9. c4 exd4 10. exd4 Qf6 11. d5 Nd4 12. Nc3 Nxe2+ 13. Qxe2 Nc5 14. Rad1 Bd7 15. Nd4 a6 16. Qc2 b6 17. b4 Nb7 18. Ne4 Qh4 19. Bg3 Qh5 20. Qd2 Rae8 21. Nc3 g5 22. f4 g4 23. hxg4 Bxg4 24. Rde1 Bf5 25. Nxf5 Qxf5 26. Bf2 Qg6 27. Bd4 f5 28. Bxg7 Qxg7 29. Rxe8 Rxe8 30. Re1 Rxe1+ 31. Qxe1 Qd4+ 1/2-1/2

[Event "Oberliga Ost-B 0203"]
[Site "Germany"]
[Date "2002.10.20"]
[Round "1.5"]
[White "Timpel, Klaus"]
[Black "Repp, Heinrich"]
[Result "0-1"]
[WhiteElo "2287"]
[BlackElo "2169"]
[PlyCount "78"]
[EventDate "2002.10.20"]
[EventType "team"]
[EventRounds "11"]
[EventCountry "GER"]
[SourceTitle "EXT 2004"]
[Source "ChessBase"]
[SourceDate "2003.11.25"]
[SourceVersion "1"]
[SourceVersionDate "2003.11.25"]
[SourceQuality "1"]
[WhiteTeam "Schoeneck"]
[BlackTeam "Wetzlar"]
[WhiteTeamCountry "GER"]
[BlackTeamCountry "GER"]

1. e4 e5 2. Nf3 Nc6 3. Bc4 Nf6 4. d4 exd4 5. 0-0 Nxe4 6. Re1 d5 7. Bxd5 Qxd5 8. Nc3 Qa5 9. Nxe4 Be6 10. Neg5 0-0-0 11. Nxe6 fxe6 12. Rxe6 Bd6 13. Bg5 Rde8 14. Qe2 Kd7 15. Re1 Qxe1+ 16. Nxe1 Rxe6 17. Qg4 Rhe8 18. f4 Kc8 19. Nd3 Kb8 20. Qh5 h6 21. Bh4 Nb4 22. f5 g6 23. fxg6 Nxd3 24. cxd3 Rg8 25. Qxh6 Rexg6 26. Qd2 Rg4 27. Bf6 Bf4 28. Qe2 Be3+ 29. Kh1 Rf4 30. Bxd4 Bxd4 31. g3 Rf2 32. Qe4 Bxb2 33. g4 Rh8 34. Kg1 Rfxh2 35. g5 c5 36. g6 Bd4+ 37. Kf1 Rf8+ 38. Ke1 Bc3+ 39. Kd1 Rf1+ 0-1

[Event "Hessenliga 0102"]
[Site "Germany"]
[Date "2002.03.17"]
[Round "8.1"]
[White "Haubt, Georg"]
[Black "Timpel, Klaus"]
[Result "1/2-1/2"]
[WhiteElo "2247"]
[BlackElo "2273"]
[PlyCount "86"]
[EventDate "2001.10.??"]
[EventType "team"]
[EventRounds "9"]
[EventCountry "GER"]
[SourceTitle "EXT 2003"]
[Source "ChessBase"]
[SourceDate "2002.11.25"]
[SourceVersion "1"]
[SourceVersionDate "2002.11.25"]
[SourceQuality "1"]
[WhiteTeam "Hofheim II"]
[BlackTeam "Schoeneck II"]
[WhiteTeamCountry "GER"]
[BlackTeamCountry "GER"]

1. d4 g6 2. e4 Bg7 3. Nc3 d6 4. Be3 c6 5. Qd2 b5 6. g3 Nf6 7. Bg2 Ng4 8. f4 Qb6 9. Nce2 e5 10. c3 0-0 11. Nf3 f5 12. exf5 Bxf5 13. fxe5 Nxe3 14. Qxe3 dxe5 15. Nxe5 Bxe5 16. Qxe5 Nd7 17. Qd6 Rf6 18. Qb4 Re8 19. Rd1 Rfe6 20. Bf3 Re3 21. Rf1 Nf6 22. Rd2 Be4 23. Bxe4 Nxe4 24. Qb3+ Kh8 25. Qf7 Qd8 26. Rc2 c5 27. Kd1 b4 28. Kc1 bxc3 29. bxc3 Ng5 30. Qc4 Qe7 31. Rf2 Qe4 32. Qxc5 Qh1+ 33. Kb2 Ne6 34. Qd6 Qb7+ 35. Kc1 Qh1+ 36. Kd2 Qe4 37. Qe5+ Qxe5 38. dxe5 Rxe5 39. Nd4 Rd8 40. Rf7 Nxd4 41. cxd4 Rxd4+ 42. Kc1 Re1+ 43. Kb2 Rd8 1/2-1/2

[Event "Hessenliga 0102"]
[Site "Germany"]
[Date "2001.11.04"]
[Round "3.1"]
[White "Timpel, Klaus"]
[Black "Kloninger, Paul"]
[Result "1-0"]
[WhiteElo "2273"]
[BlackElo "2218"]
[PlyCount "97"]
[EventDate "2001.10.??"]
[EventType "team"]
[EventRounds "9"]
[EventCountry "GER"]
[SourceTitle "EXT 2003"]
[Source "ChessBase"]
[SourceDate "2002.11.25"]
[SourceVersion "1"]
[SourceVersionDate "2002.11.25"]
[SourceQuality "1"]
[WhiteTeam "Schoeneck II"]
[BlackTeam "Fulda"]
[WhiteTeamCountry "GER"]
[BlackTeamCountry "GER"]

1. c4 Nf6 2. Nc3 d5 3. cxd5 Nxd5 4. g3 g6 5. Bg2 Nxc3 6. bxc3 Bg7 7. h4 Nc6 8. Rb1 0-0 9. h5 e5 10. Qa4 Qf6 11. Ba3 Re8 12. hxg6 Qxg6 13. Be4 Bf5 14. Bxf5 Qxf5 15. Rxb7 Rab8 16. Rxb8 Rxb8 17. Kf1 Qe6 18. Rh4 h6 19. Qc4 Rb1+ 20. Kg2 Ra1 21. Qxe6 fxe6 22. Rc4 Rxa2 23. Rxc6 Rxa3 24. Rxc7 Ra2 25. Rd7 a5 26. e4 a4 27. Nf3 a3 28. Kf1 Rb2 29. Ra7 Bf8 30. Ke2 Bc5 31. Ra5 Bd6 32. Ne1 Rb6 33. Nd3 Kg7 34. c4 Bb4 35. Nxb4 Rxb4 36. Rxa3 Rxc4 37. Kd3 Rd4+ 38. Ke3 Rb4 39. Ra7+ Kf6 40. Ra6 h5 41. f4 Rb3+ 42. d3 Rc3 43. f5 Kg5 44. Rxe6 Kg4 45. Rg6+ Kh3 46. f6 Rc7 47. Rg7 Rc6 48. f7 Rf6 49. d4 1-0

[Event "Oberliga Ost-B 9900"]
[Site "Germany"]
[Date "2000.02.20"]
[Round "8.5"]
[White "Baer, Soeren"]
[Black "Timpel, Klaus"]
[Result "0-1"]
[WhiteElo "2029"]
[BlackElo "2280"]
[PlyCount "80"]
[EventDate "1999.10.??"]
[EventType "team"]
[EventRounds "11"]
[EventCountry "GER"]
[SourceTitle "EXT 2002"]
[Source "ChessBase"]
[SourceDate "2001.11.25"]
[SourceVersion "1"]
[SourceVersionDate "2001.11.25"]
[SourceQuality "1"]

1. d4 g6 2. c4 Bg7 3. Nc3 d6 4. e4 Nf6 5. Be2 0-0 6. Bg5 Na6 7. h4 c5 8. d5 h5 9. Qd2 Re8 10. f3 Qa5 11. Nh3 Bd7 12. Nf2 Nc7 13. g4 hxg4 14. fxg4 e6 15. e5 Nh7 16. exd6 Na6 17. Be7 Nb4 18. Nfe4 exd5 19. cxd5 Bd4 20. Rh3 f5 21. h5 gxh5 22. gxf5 Bxf5 23. Rg3+ Kh8 24. Ng5 Rf8 25. Bxf8 Rxf8 26. Rc1 Nxd5 27. Nxd5 Bf2+ 28. Kd1 Qxd2+ 29. Kxd2 Bxg3 30. Nxh7 Bxh7 31. d7 Rd8 32. Rxc5 Rxd7 33. Kc3 Be5+ 34. Kc4 h4 35. Bg4 Rg7 36. Rc8+ Bg8 37. Be6 Kh7 38. Bxg8+ Rxg8 39. Rxg8 Kxg8 40. Ne3 h3 0-1

[Event "BL2-Ost 9899"]
[Site "Germany"]
[Date "1999.03.07"]
[Round "7.5"]
[White "Assmann, Thomas"]
[Black "Timpel, Klaus"]
[Result "1/2-1/2"]
[WhiteElo "2345"]
[BlackElo "2300"]
[PlyCount "118"]
[EventDate "1998.10.18"]
[EventType "team-tourn"]
[EventRounds "9"]
[EventCountry "GER"]
[SourceTitle "GER-chT2"]
[Source "ChessBase"]
[SourceDate "1999.07.01"]
[SourceVersion "1"]
[SourceVersionDate "1999.07.01"]
[SourceQuality "1"]
[WhiteTeam "Hofheim"]
[BlackTeam "Schoeneck"]
[WhiteTeamCountry "GER"]
[BlackTeamCountry "GER"]

1. d4 g6 2. e4 Bg7 3. Nf3 d6 4. Bc4 e6 5. Bg5 Ne7 6. c3 h6 7. Bh4 a6 8. a4 b6 9. Qe2 Bb7 10. 0-0 Nd7 11. Na3 g5 12. Bg3 Ng6 13. Nc2 Nf6 14. Nd2 h5 15. f3 h4 16. Bf2 Nf4 17. Qd1 Qd7 18. Be3 0-0-0 19. Rf2 d5 20. Bxf4 gxf4 21. Bd3 dxe4 22. Nxe4 Nxe4 23. fxe4 e5 24. d5 c6 25. Nb4 a5 26. dxc6 Bxc6 27. Nxc6 Qxc6 28. Qg4+ Qe6 29. Qxe6+ fxe6 30. Bc4 Rd6 31. h3 Bf8 32. Kf1 Be7 33. Bb3 Rhd8 34. Ke1 Kc7 35. Rd1 Rxd1+ 36. Bxd1 Rd3 37. Bf3 Rd8 38. Bg4 Bc5 39. Rd2 Re8 40. Kd1 Be3 41. Rd3 Bc5 42. Kc2 Re7 43. Kb3 Be3 44. Kc4 Bc5 45. Kb5 Be3 46. Rd1 Rd7 47. Rxd7+ Kxd7 48. b4 axb4 49. cxb4 Kd6 50. Ka6 Kc7 51. Bxe6 Bd2 52. Kb5 Be3 53. Bd5 Bd2 54. Bf7 Be1 55. Be8 Bd2 56. Bf7 Be1 57. Bd5 Bd2 58. a5 bxa5 59. bxa5 Be3 1/2-1/2